Cantastorie (05) (Record n. 100676)

Dettagli MARC
000 -LEADER
fixed length control field 00966njm a2200289Ia 4500
001 - CONTROL NUMBER
control field 69200
003 - CONTROL NUMBER IDENTIFIER
control field IT-RoPAU
005 - DATE AND TIME OF LATEST TRANSACTION
control field 20220918181132.0
008 - FIXED-LENGTH DATA ELEMENTS--GENERAL INFORMATION
fixed length control field 131025s9999 xx 000 0 und d
040 ## - CATALOGING SOURCE
Original cataloging agency IT-RoPAU
040 ## - CATALOGING SOURCE
Transcribing agency IT-RoPAU
041 ## - LANGUAGE CODE
Language code of text/sound track or separate title ITALIANO
999 ## - SYSTEM CONTROL NUMBERS (KOHA)
Koha Dewey Subclass [OBSOLETE] n.d.
100 ## - MAIN ENTRY--PERSONAL NAME
Personal name Leydi Roberto
9 (RLIN) 24021
100 ## - MAIN ENTRY--PERSONAL NAME
Relator term Autore musica
9 (RLIN) 24022
100 ## - MAIN ENTRY--PERSONAL NAME
Miscellaneous information Codice autore musica SPICS: 4644
9 (RLIN) 24023
245 ## - TITLE STATEMENT
Title Cantastorie (05)
250 ## - EDITION STATEMENT
Edition statement 1a ed.
260 ## - PUBLICATION, DISTRIBUTION, ETC. (IMPRINT)
Name of publisher, distributor, etc. SENZA EDITRICE O NON IDENTIFICATA
Date of publication, distribution, etc. 1978 [1a Ed.:1978 - Ed. Lingua Orig.: 1978]
300 ## - PHYSICAL DESCRIPTION
Extent MUSICASSETTA
300 ## - PHYSICAL DESCRIPTION
Dimensions 90 minuti (Testo: 0 pag.)
500 ## - GENERAL NOTE
General note Etnomusicologia
505 ## - FORMATTED CONTENTS NOTE
Formatted contents note Cantastorie nel passato: O Maria bella Maria - Eroina di Barbablù - Testamento dell'avvelenata - Lord Randal
650 ## - SUBJECT ADDED ENTRY--TOPICAL TERM
Topical term or geographic name as entry element ETNOMUSICOLOGIA [CASSETTE]
Relator term Codice MATERIA SPICS: 9951
9 (RLIN) 24024
700 ## - ADDED ENTRY--PERSONAL NAME
Personal name Leydi Roberto
Miscellaneous information Codice interprete SPICS: 4644
Relator term Interprete
9 (RLIN) 24025
942 ## - ADDED ENTRY ELEMENTS (KOHA)
Koha item type MUSICASSETTE
Source of classification or shelving scheme Dewey Decimal Classification
Dati di copia
Withdrawn status Lost status Damaged status Not for loan Home library Current library Date acquired Total Checkouts Full call number Date last seen Price effective from Koha item type Public note
    Buone Condizioni Not For Loan SPICS-MEDIATECA SPICS-MEDIATECA 25/10/2013   69200 25/10/2013 25/10/2013 MUSICASSETTE Progr. Ins.: 16646 / N.Vol.: 1 / Copie: 1 - Copia rara: n.d. / date import: 01.01.2014 - By Epidotti, Trombetti, Vaglietti
CREDITS: SOCIETA' SAN PAOLO Via A.Severo, 58 - ROMA (RM) & PERIODICI SAN PAOLO SRL Via Giotto, 36 MILANO & CISF Via Giotto, 36 MILANO & EDIZIONI SAN PAOLO SRL,  Piazza Soncino, 5 CINISELLO BALSAMO (MI) -- ITALY